| 000 | 00780nam a2200217 a 4500 | ||
|---|---|---|---|
| 008 | 100330s2008 ||||||||||||||||| || u | ||
| 020 | _a9780071287845 | ||
| 050 | _aHD 30.28 Des | ||
| 100 | _aLumpkin, G. T | ||
| 245 | 1 | 0 |
_aStrategic management: text and cases. -- 4th ed _cGregory G. Dess, G. T. Lumpkin, Alan B. Eisner |
| 250 | _a4th ed. | ||
| 260 |
_aBoston: _bMcGraw-Hill _c2008 |
||
| 300 | _axxx, variant pagings, ill. | ||
| 350 | _a0.00 | ||
| 650 | 0 | _aINDUSTRIAL MANAGEMENT | |
| 650 | 0 | _aMANAGEMENT | |
| 650 | 0 | _aSTRATEGIC PLANNING | |
| 700 | _aDess, Gregory G | ||
| 700 | _aEisner, Alan B | ||
| 995 |
_D0.00 _FCBU-MAIN LIBRARY (Kitwe) _H1 _I0.00 _M1 _UAVAILABLE _WMay 17, 2010 _ZMain Library Open Access Collection |
||
| 999 |
_c58530 _d58530 |
||